000 00340nam a2200121 a 4500
001 000035081
005 20200930074106.0
008 111025s2004 000 spa d
245 3 _aLa ciencia de la vida.
260 _aMadrid,
_cs. f.
590 _aPerteneció a la biblioteca personal de Juan Isidro Jimenes Grullón.
999 _c34572
_d34572
040 _aDO-SdBNP